001940000a220007300045001000019000002450041000193000035000607730025000951 aAthyal, Saphir10aThe Old Testament contextualisations aNúm 80 (1997), Páginas 8-90 tWorld Evangelization